| 000 | 01468nam a2200349 i 4500 | ||
|---|---|---|---|
| 003 | DO-SdBNP | ||
| 005 | 20260514141100.0 | ||
| 007 | ta | ||
| 008 | 221205e1997 dr a|||gr|||| 001 edspa d | ||
| 040 |
_aDO-SdBNP _bspa _cBNPHU _erda |
||
| 041 | _aspa | ||
| 082 | 4 |
_a972.9375 _bV443t 1997 _222 |
|
| 100 | 1 |
_aVeloz Maggiolo, Marcio, _d1936-2021 _eautor _4aut. _91104 |
|
| 245 | 1 | 0 |
_aTrujillo, Villa Francisca y otros fantasmas / _cMarcio Veloz Maggiolo ; Presentación, Eligio Bisonó B. |
| 250 | _asegunda edición | ||
| 264 | 1 |
_aSanto Domingo : _bEdiciones La Ceiba, _c1997. |
|
| 300 |
_a399 páginas : _bilustraciones ; _c23 cm |
||
| 336 |
_atexto _btxt _2rdacontent |
||
| 337 |
_asin mediación _bn _2rdamedia |
||
| 338 |
_avolumen _bnc _2rdacarrier |
||
| 490 | 0 | _aColección Nuestros Grandes Autores | |
| 500 | _aIncluye datos biográficos del autor en las solapas | ||
| 590 | _aInventariado 2022 / MF | ||
| 650 | 4 |
_aCiudades y pueblos _xHistoria _zRepública Dominicana _912424 |
|
| 651 | 4 |
_aVilla Francisca, Santo Domingo (República Dominicana) _xVida social y costumbres _919693 |
|
| 651 | 4 |
_aSanto Domingo (República Dominicana) _xVida social y costumbres _91895 |
|
| 651 | 4 |
_aSanto Domingo (República Dominicana) _xHistoria local _91894 |
|
| 651 | 4 |
_aRepública Dominicana _xHistoria _yEra de Trujillo, 1930-1961 _978796 |
|
| 700 | 1 |
_aBisonó B., Eligio _d1941- _epresentación _954877 |
|
| 910 | _aMFeliz/Validado. Control de calidad MFF | ||
| 942 |
_2ddc _cLBS1 |
||
| 999 |
_c53069 _d53069 |
||